MARC

LEADER 00000nam0a2200000 4500
001 57469
005 20231031054244.0
010 |a 5030033572 
035 |a (RuTPU)RU\TPU\book\60635 
090 |a 57469 
100 |a 20031104d1999 k y0rusy50 ca 
101 1 |a rus  |c eng 
102 |a RU 
105 |a y z 001zy 
200 1 |a Асимптотические методы в математической статистике  |e пер. с англ.  |f О. Е. Барндорф-Нильсен, Д. Р. Кокс 
210 |a Москва  |c Мир  |d 1999 
215 |a 256 с. 
320 |a Библиогр.: с. 243-253 
610 1 |a математическая статистика 
610 1 |a асимптотические методы 
610 1 |a асимптотические разложения 
610 1 |a предельные процедуры 
610 1 |a разложение Эджворта 
610 1 |a многомерные разложения 
610 1 |a многомерные распределения 
610 1 |a условные распределения 
675 |a 519.233  |v 3 
700 1 |a Барндорф-Нильсен  |b О. Е.  |g Оле Е. 
701 1 |a Кокс  |b Д. Р.  |g Давид Р. 
801 1 |a RU  |b 63413507  |c 20031104  |g PSBO 
801 2 |a RU  |b 63413507  |c 20070214  |g PSBO 
942 |c BK